[Event "DVM U16 2015"]
[Site "Lingen (Ems) GER"]
[Date "2015.12.28"]
[Round "3"]
[White "Bauer, Björn-Benny"]
[Black "Grohmann, Alexander"]
[Result "1-0"]
[Termination "normal"]
[Board "9.1"]
[WhiteElo "2065"]
[BlackElo "1753"]
[WhiteTeam "SK Gau-Algesheim"]
[BlackTeam "FVS ASP Hoyerswerda"]
[PlyCount "59"]
[WhiteFideId "24698741"]
[BlackFideId "12947679"]
[EventCountry "GER"]
[EventRounds "7"]
[EventType "team-swiss"]
[EventDate "2015.12.26"]

1. d4 Nf6 2. c4 e6 3. Nc3 d5 4. Nf3 Be7 5. Bf4 O-O 6. e3 c6 7. Qc2 Nbd7 8. a3
dxc4 9. Bxc4 Nb6 10. Bd3 Nbd5 11. Be5 g6 12. O-O Bd6 13. Na4 Bxe5 14. Nxe5 Nd7
15. Nf3 Re8 16. Nc5 Nxc5 17. Qxc5 Nb6 18. Rfd1 Qf6 19. e4 Nd7 20. Qd6 Qe7 21.
Qg3 Nf6 22. e5 Nh5 23. Qg4 f5 24. exf6 Qxf6 25. Ne5 c5 26. Nxg6 hxg6 27. Bxg6
e5 28. Qxh5 Re6 29. Qh7+ Kf8 30. dxe5 1-0

[Event "DVM U16 2015"]
[Site "Lingen (Ems) GER"]
[Date "2015.12.28"]
[Round "3"]
[White "Hassemeier, Mika"]
[Black "Kitzinger, Alexander"]
[Result "1-0"]
[Termination "normal"]
[Board "9.4"]
[WhiteElo "1773"]
[BlackElo "1444"]
[WhiteTeam "FVS ASP Hoyerswerda"]
[BlackTeam "SK Gau-Algesheim"]
[PlyCount "53"]
[WhiteFideId "12994880"]
[BlackFideId "16208030"]
[EventCountry "GER"]
[EventRounds "7"]
[EventType "team-swiss"]
[EventDate "2015.12.26"]

1. d4 d5 2. c4 e6 3. Nc3 Nf6 4. Bg5 c6 5. Nf3 Be7 6. e3 Nbd7 7. Bd3 O-O 8. O-O
b6 9. Rc1 Ba6 10. cxd5 Bxd3 11. Qxd3 Nxd5 12. Bxe7 Qxe7 13. Nxd5 cxd5 14. Rc3
Rac8 15. Rfc1 Rxc3 16. Rxc3 Qb4 17. Rb3 Qa4 18. Ra3 Qb4 19. Rxa7 Rc8 20. g3 Nf6
21. Qa3 Qc4 22. Kg2 h6 23. Rxf7 Ng4 24. Qe7 Nxe3+ 25. fxe3 Qe2+ 26. Kh3 Qf1+
27. Kg4 1-0

[Event "DVM U16 2015"]
[Site "Lingen (Ems) GER"]
[Date "2015.12.28"]
[Round "3"]
[White "Greiving, Felix"]
[Black "Wulfhorst, Noah"]
[Result "1/2-1/2"]
[Termination "normal"]
[Board "10.1"]
[WhiteElo "1796"]
[BlackElo "1641"]
[WhiteTeam "SV Lingen"]
[BlackTeam "Gütersloher SV von 1923"]
[PlyCount "52"]
[WhiteFideId "12967548"]
[BlackFideId "12964956"]
[EventCountry "GER"]
[EventRounds "7"]
[EventType "team-swiss"]
[EventDate "2015.12.26"]

1. Nf3 Nf6 2. g3 b5 3. Bg2 Bb7 4. d4 e6 5. c3 c5 6. O-O cxd4 7. cxd4 Be7 8. Qb3
a6 9. a4 Qb6 10. axb5 axb5 11. Rxa8 Bxa8 12. Na3 Bc6 13. Nc4 Qa6 14. Nce5 Bd5
15. Qd1 O-O 16. Bg5 h6 17. Bxf6 Bxf6 18. Ng4 Be7 19. Qd2 Rc8 20. Rc1 Rxc1+ 21.
Qxc1 Bc4 22. Bf1 Bd5 23. Bg2 Nc6 24. Nge5 Qb7 25. Nxc6 Bxc6 26. Ne1 Bg5 1/2-1/2

[Event "DVM U16 2015"]
[Site "Lingen (Ems) GER"]
[Date "2015.12.28"]
[Round "3"]
[White "Pfaffenrot, Daniel"]
[Black "Möller, Hannah"]
[Result "1/2-1/2"]
[Termination "normal"]
[Board "10.2"]
[WhiteElo "1603"]
[BlackElo "1743"]
[WhiteTeam "Gütersloher SV von 1923"]
[BlackTeam "SV Lingen"]
[PlyCount "65"]
[WhiteFideId "12964972"]
[BlackFideId "1270514"]
[EventCountry "GER"]
[EventRounds "7"]
[EventType "team-swiss"]
[EventDate "2015.12.26"]

1. d4 Nf6 2. Nf3 g6 3. Bg5 Bg7 4. Nbd2 d6 5. c3 O-O 6. e4 Bg4 7. Bd3 Nbd7 8. h3
Bxf3 9. Nxf3 c6 10. O-O Re8 11. Re1 e5 12. dxe5 Nxe5 13. Nxe5 dxe5 14. Be3 Qa5
15. Qe2 a6 16. f3 Nh5 17. Qf2 Nf4 18. Bf1 Qd8 19. Red1 Qe7 20. g3 Ne6 21. Rd2
Rad8 22. Rad1 Rxd2 23. Rxd2 Rd8 24. Rxd8+ Qxd8 25. Qd2 Qxd2 26. Bxd2 Bf8 27.
Kf2 Bc5+ 28. Ke2 Kf8 29. b4 Ba7 30. Be3 Bxe3 31. Kxe3 b5 32. f4 f6 33. Be2
1/2-1/2

[Event "DVM U16 2015"]
[Site "Lingen (Ems) GER"]
[Date "2015.12.28"]
[Round "3"]
[White "Sehring, Niklas"]
[Black "Fortenbacher, Dominic"]
[Result "1-0"]
[Termination "normal"]
[Board "10.3"]
[WhiteElo "1164"]
[BlackElo "1592"]
[WhiteTeam "SV Lingen"]
[BlackTeam "Gütersloher SV von 1923"]
[PlyCount "91"]
[WhiteFideId "16213610"]
[BlackFideId "16200780"]
[EventCountry "GER"]
[EventRounds "7"]
[EventType "team-swiss"]
[EventDate "2015.12.26"]

1. Nf3 Nc6 2. d4 d5 3. g3 Nf6 4. Bg2 e6 5. O-O Bd6 6. Nbd2 Bd7 7. c4 dxc4 8.
Nxc4 O-O 9. Re1 Bb4 10. Bd2 Bxd2 11. Qxd2 Re8 12. Rac1 Re7 13. Nfe5 Qe8 14. Na5
Nxa5 15. Qxa5 b6 16. Qa3 Nd5 17. Bxd5 exd5 18. Rxc7 f6 19. Nxd7 Rxd7 20. Rxd7
Qxd7 21. Qb3 Rc8 22. e4 Rc4 23. exd5 Qxd5 24. Re8+ Kf7 25. Rc8 b5 26. Rc5 Rxc5
27. dxc5 Qxb3 28. axb3 Ke6 29. b4 Kd5 30. Kg2 a5 31. bxa5 Kxc5 32. b4+ Kd6 33.
Kf3 g6 34. Kf4 h6 35. h4 Kd5 36. g4 Kd6 37. g5 fxg5+ 38. hxg5 h5 39. Kg3 Kd5
40. f4 Kd6 41. f5 gxf5 42. g6 Ke6 43. a6 Kf6 44. a7 Kxg6 45. a8=Q Kf6 46. Qc6+
1-0

[Event "DVM U16 2015"]
[Site "Lingen (Ems) GER"]
[Date "2015.12.28"]
[Round "3"]
[White "Qiu, Oliver"]
[Black "Baars, Pascal"]
[Result "1-0"]
[Termination "normal"]
[Board "10.4"]
[WhiteElo "1497"]
[BlackElo "1011"]
[WhiteTeam "Gütersloher SV von 1923"]
[BlackTeam "SV Lingen"]
[PlyCount "54"]
[WhiteFideId "16200713"]
[BlackFideId "16217527"]
[EventCountry "GER"]
[EventRounds "7"]
[EventType "team-swiss"]
[EventDate "2015.12.26"]

1. e4 g6 2. d4 Bg7 3. Nf3 c6 4. c4 d6 5. Nc3 Nf6 6. Be2 O-O 7. O-O c5 8. dxc5
dxc5 9. Qc2 Nc6 10. Be3 Nd4 11. Nxd4 cxd4 12. Rad1 Ng4 13. Bxg4 Bxg4 14. f3 Qb6
15. Nd5 Qc5 16. b4 Qd6 17. c5 Qd7 18. Bxd4 Bxd4+ 19. Rxd4 Be6 20. Nf6+ exf6 21.
Rxd7 Bxd7 22. Rd1 Bb5 23. a4 Be8 24. Rd6 a5 25. b5 Bxb5 26. axb5 a4 27. Rd4 a3
1-0

[Event "DVM U16 2015"]
[Site "Lingen (Ems) GER"]
[Date "2015.12.28"]
[Round "4"]
[White "Fieberg, Samuel"]
[Black "Ehmann, Thilo"]
[Result "0-1"]
[Termination "normal"]
[Board "1.1"]
[WhiteElo "2226"]
[BlackElo "2211"]
[WhiteClock "00:07:50"]
[BlackClock "01:12:09"]
[WhiteTeam "SG Porz"]
[BlackTeam "SF Sasbach"]
[PlyCount "96"]
[WhiteFideId "12901717"]
[BlackFideId "12940968"]
[EventCountry "GER"]
[EventRounds "7"]
[EventType "team-swiss"]
[EventDate "2015.12.26"]

1. e4 {[%clk 1:30:58]} c5 {[%clk 1:30:58]} 2. Nf3 {[%clk 1:31:23]} Nc6 {[%clk
1:31:26]} 3. d4 {[%clk 1:31:47]} cxd4 {[%clk 1:31:54]} 4. Nxd4 {[%clk 1:32:12]}
g6 {[%clk 1:32:22]} 5. Nc3 {[%clk 1:32:34]} Bg7 {[%clk 1:32:48]} 6. Be3 {[%clk
1:32:59]} Nf6 {[%clk 1:33:15]} 7. Be2 {[%clk 1:33:22]} O-O {[%clk 1:33:38]} 8.
f4 {[%clk 1:33:48]} d6 {[%clk 1:31:09]} 9. Nb3 {[%clk 1:31:09]} Be6 {[%clk
1:27:43]} 10. O-O {[%clk 1:30:59]} Na5 {[%clk 1:23:52]} 11. Nxa5 {[%clk
1:21:28]} Qxa5 {[%clk 1:24:08]} 12. Bf3 {[%clk 1:16:17]} Rfd8 {[%clk 1:20:22]}
13. Nd5 {[%clk 1:11:41]} Bxd5 {[%clk 1:17:08]} 14. exd5 {[%clk 1:11:59]} Qc7
{[%clk 1:17:18]} 15. c3 {[%clk 1:06:29]} Nd7 {[%clk 1:10:08]} 16. Re1 {[%clk
1:05:46]} a5 {[%clk 1:07:35]} 17. Kh1 {[%clk 0:57:14]} a4 {[%clk 1:07:08]} 18.
Rc1 {[%clk 0:57:03]} Nc5 {[%clk 1:06:34]} 19. Qc2 {[%clk 0:45:00]} Bf6 {[%clk
1:00:03]} 20. Re2 {[%clk 0:38:41]} Qd7 {[%clk 0:58:32]} 21. Bxc5 {[%clk
0:25:36]} dxc5 {[%clk 0:58:46]} 22. c4 {[%clk 0:25:34]} Ra6 {[%clk 0:56:46]}
23. Rb1 {[%clk 0:21:13]} Rb6 {[%clk 0:54:58]} 24. Re3 {[%clk 0:20:01]} Bd4
{[%clk 0:52:45]} 25. Ra3 {[%clk 0:19:40]} Rf6 {[%clk 0:51:56]} 26. Qxa4 {[%clk
0:19:05]} Qf5 {[%clk 0:52:17]} 27. Qd1 {[%clk 0:18:11]} Qxf4 {[%clk 0:52:41]}
28. Rd3 {[%clk 0:18:10]} Be5 {[%clk 0:52:31]} 29. g3 {[%clk 0:18:05]} Qxc4
{[%clk 0:52:48]} 30. b3 {[%clk 0:14:42]} Qa6 {[%clk 0:51:27]} 31. Qe2 {[%clk
0:14:13]} Bd6 {[%clk 0:49:40]} 32. Kg2 {[%clk 0:12:47]} Ra8 {[%clk 0:47:39]}
33. Rd2 {[%clk 0:12:42]} Qa5 {[%clk 0:47:58]} 34. Re1 {[%clk 0:12:21]} Rf5
{[%clk 0:48:16]} 35. Qd3 {[%clk 0:12:16]} h5 {[%clk 0:48:18]} 36. Rde2 {[%clk
0:10:49]} Qb4 {[%clk 0:47:02]} 37. a4 {[%clk 0:08:32]} c4 {[%clk 0:44:52]} 38.
Qxc4 {[%clk 0:08:19]} Qxc4 {[%clk 0:45:17]} 39. bxc4 {[%clk 0:08:45]} Rxa4
{[%clk 0:45:43]} 40. Rc2 {[%clk 0:06:27]} b6 {[%clk 0:45:48]} 41. Be4 {[%clk
0:21:55]} Re5 {[%clk 1:15:54]} 42. Ree2 {[%clk 0:21:59]} Ra3 {[%clk 1:15:24]}
43. Rcd2 {[%clk 0:20:59]} h4 {[%clk 1:12:33]} 44. gxh4 {[%clk 0:18:19]} Rh5
{[%clk 1:12:42]} 45. Rd3 {[%clk 0:18:11]} Ra4 {[%clk 1:13:08]} 46. Rc3 {[%clk
0:11:32]} Rxh4 {[%clk 1:13:29]} 47. h3 {[%clk 0:11:32]} Rh5 {[%clk 1:12:26]}
48. Kf2 {[%clk 0:07:50]} Bc5+ {[%clk 1:12:09]} 0-1

[Event "DVM U16 2015"]
[Site "Lingen (Ems) GER"]
[Date "2015.12.28"]
[Round "4"]
[White "Riehle, Marco"]
[Black "Ramien, David"]
[Result "1/2-1/2"]
[Termination "normal"]
[Board "1.2"]
[WhiteElo "2171"]
[BlackElo "2140"]
[WhiteClock "00:33:36"]
[BlackClock "00:40:09"]
[WhiteTeam "SF Sasbach"]
[BlackTeam "SG Porz"]
[PlyCount "90"]
[WhiteFideId "12904392"]
[BlackFideId "12948241"]
[EventCountry "GER"]
[EventRounds "7"]
[EventType "team-swiss"]
[EventDate "2015.12.26"]

1. e4 {[%clk 1:30:59]} c5 {[%clk 1:30:55]} 2. Nf3 {[%clk 1:31:25]} d6 {[%clk
1:31:20]} 3. d4 {[%clk 1:31:51]} cxd4 {[%clk 1:31:46]} 4. Nxd4 {[%clk 1:32:18]}
Nf6 {[%clk 1:32:10]} 5. f3 {[%clk 1:32:46]} e5 {[%clk 1:32:20]} 6. Nb3 {[%clk
1:33:12]} Be6 {[%clk 1:32:36]} 7. c4 {[%clk 1:33:38]} a5 {[%clk 1:32:42]} 8.
Be3 {[%clk 1:32:22]} Be7 {[%clk 1:32:56]} 9. Be2 {[%clk 1:30:50]} O-O {[%clk
1:32:49]} 10. O-O {[%clk 1:30:46]} Nc6 {[%clk 1:33:04]} 11. Nc3 {[%clk
1:24:55]} a4 {[%clk 1:32:36]} 12. Nd2 {[%clk 1:22:53]} a3 {[%clk 1:32:26]} 13.
b3 {[%clk 1:22:40]} Nd7 {[%clk 1:31:55]} 14. Nd5 {[%clk 1:19:05]} Bg5 {[%clk
1:29:42]} 15. Bf2 {[%clk 1:17:23]} Nd4 {[%clk 1:23:33]} 16. Nb1 {[%clk
1:08:42]} Bxd5 {[%clk 1:15:23]} 17. cxd5 {[%clk 1:09:04]} Qa5 {[%clk 1:14:50]}
18. Bxd4 {[%clk 1:04:10]} exd4 {[%clk 1:15:09]} 19. f4 {[%clk 1:04:34]} Bf6
{[%clk 1:14:40]} 20. Bd3 {[%clk 1:03:28]} Nc5 {[%clk 1:12:52]} 21. Rf3 {[%clk
0:59:09]} Nxe4 {[%clk 1:07:30]} 22. Bxe4 {[%clk 0:58:58]} d3 {[%clk 1:07:49]}
23. Nd2 {[%clk 0:55:55]} Bxa1 {[%clk 1:07:37]} 24. Rxd3 {[%clk 0:55:20]} f5
{[%clk 1:01:45]} 25. Bf3 {[%clk 0:51:42]} Bb2 {[%clk 1:01:01]} 26. g3 {[%clk
0:43:47]} Rac8 {[%clk 0:57:54]} 27. Kg2 {[%clk 0:43:44]} Rfe8 {[%clk 0:58:01]}
28. Nc4 {[%clk 0:43:19]} Qc5 {[%clk 0:56:28]} 29. Qd2 {[%clk 0:39:49]} Bf6
{[%clk 0:52:52]} 30. Kh3 {[%clk 0:38:40]} g6 {[%clk 0:52:15]} 31. Kg2 {[%clk
0:38:44]} b5 {[%clk 0:51:53]} 32. Ne3 {[%clk 0:38:09]} Qc1 {[%clk 0:51:51]} 33.
Qf2 {[%clk 0:36:08]} Bb2 {[%clk 0:49:05]} 34. g4 {[%clk 0:35:57]} Qb1 {[%clk
0:48:54]} 35. Rd2 {[%clk 0:36:03]} Qxa2 {[%clk 0:47:36]} 36. gxf5 {[%clk
0:35:35]} Qxb3 {[%clk 0:47:51]} 37. Nd1 {[%clk 0:34:27]} Bc1 {[%clk 0:46:40]}
38. Re2 {[%clk 0:32:43]} Rxe2 {[%clk 0:46:55]} 39. Bxe2 {[%clk 0:33:11]} a2
{[%clk 0:47:08]} 40. Qa7 {[%clk 0:32:44]} Qxd5+ {[%clk 0:47:17]} 41. Bf3 {[%clk
0:33:01]} Rc2+ {[%clk 0:45:12]} 42. Nf2 {[%clk 0:33:05]} Qc5 {[%clk 0:44:45]}
43. Qa8+ {[%clk 0:33:08]} Kg7 {[%clk 0:45:05]} 44. f6+ {[%clk 0:33:36]} Kxf6
{[%clk 0:40:09]} 45. Qf8+ Ke5 1/2-1/2

[Event "DVM U16 2015"]
[Site "Lingen (Ems) GER"]
[Date "2015.12.28"]
[Round "4"]
[White "Kagan, Dennis"]
[Black "Zimmer, Raphael"]
[Result "1-0"]
[Termination "normal"]
[Board "1.3"]
[WhiteElo "2009"]
[BlackElo "2049"]
[WhiteClock "00:21:29"]
[BlackClock "00:38:15"]
[WhiteTeam "SG Porz"]
[BlackTeam "SF Sasbach"]
[PlyCount "139"]
[WhiteFideId "12983578"]
[BlackFideId "12978841"]
[EventCountry "GER"]
[EventRounds "7"]
[EventType "team-swiss"]
[EventDate "2015.12.26"]

1. e4 {[%clk 1:30:58]} e5 {[%clk 1:30:55]} 2. Nf3 {[%clk 1:31:22]} Nc6 {[%clk
1:31:20]} 3. Bc4 {[%clk 1:31:47]} Bc5 {[%clk 1:31:45]} 4. c3 {[%clk 1:32:12]}
Nf6 {[%clk 1:32:10]} 5. d3 {[%clk 1:32:39]} a6 {[%clk 1:32:24]} 6. Bb3 {[%clk
1:32:53]} Ba7 {[%clk 1:32:41]} 7. Nbd2 {[%clk 1:31:34]} O-O {[%clk 1:32:50]} 8.
O-O {[%clk 1:31:43]} d6 {[%clk 1:33:12]} 9. h3 {[%clk 1:31:53]} Ne7 {[%clk
1:33:00]} 10. Re1 {[%clk 1:30:54]} Ng6 {[%clk 1:33:03]} 11. d4 {[%clk 1:27:18]}
Bd7 {[%clk 1:27:50]} 12. Bc2 {[%clk 1:22:41]} Re8 {[%clk 1:27:19]} 13. Nf1
{[%clk 1:19:26]} Nh5 {[%clk 1:26:15]} 14. Nxe5 {[%clk 1:13:45]} dxe5 {[%clk
1:25:25]} 15. Qxh5 {[%clk 1:14:01]} exd4 {[%clk 1:25:42]} 16. Bg5 {[%clk
1:10:56]} f6 {[%clk 1:20:10]} 17. Bd2 {[%clk 1:11:11]} Re5 {[%clk 1:19:15]} 18.
Qf3 {[%clk 1:09:33]} c5 {[%clk 1:13:48]} 19. cxd4 {[%clk 1:05:46]} cxd4 {[%clk
1:13:55]} 20. Rad1 {[%clk 1:01:13]} Kh8 {[%clk 1:11:04]} 21. Ng3 {[%clk
0:57:09]} Rc5 {[%clk 1:05:39]} 22. Bd3 {[%clk 0:51:18]} Ne5 {[%clk 1:00:53]}
23. Qe2 {[%clk 0:51:14]} Bb5 {[%clk 0:54:52]} 24. Bxb5 {[%clk 0:50:19]} Rxb5
{[%clk 0:54:04]} 25. Bc3 {[%clk 0:47:01]} Nc6 {[%clk 0:53:08]} 26. b3 {[%clk
0:41:53]} Qc7 {[%clk 0:49:02]} 27. Bb2 {[%clk 0:40:48]} Rg5 {[%clk 0:47:32]}
28. Nf5 {[%clk 0:39:02]} Rd8 {[%clk 0:47:36]} 29. h4 {[%clk 0:37:23]} Rg6
{[%clk 0:46:11]} 30. h5 {[%clk 0:34:36]} Rg5 {[%clk 0:45:05]} 31. Bc1 {[%clk
0:30:16]} d3 {[%clk 0:44:38]} 32. Rxd3 {[%clk 0:30:19]} Rxd3 {[%clk 0:44:58]}
33. Bxg5 {[%clk 0:27:06]} Qd7 {[%clk 0:43:04]} 34. Be3 {[%clk 0:24:54]} Bxe3
{[%clk 0:41:55]} 35. Nxe3 {[%clk 0:25:07]} Rd2 {[%clk 0:40:36]} 36. Rd1 {[%clk
0:23:44]} Rxd1+ {[%clk 0:40:06]} 37. Qxd1 {[%clk 0:23:59]} Qe7 {[%clk 0:39:34]}
38. Qg4 {[%clk 0:23:16]} Qe8 {[%clk 0:37:06]} 39. Nf5 {[%clk 0:22:46]} Qf8
{[%clk 0:37:15]} 40. h6 {[%clk 0:21:54]} g6 {[%clk 0:37:13]} 41. Ng7 {[%clk
0:20:41]} Ne7 {[%clk 0:35:13]} 42. Qd7 {[%clk 0:19:55]} Ng8 {[%clk 0:35:01]}
43. Qxb7 {[%clk 0:17:14]} Qc5 {[%clk 0:32:37]} 44. Nf5 {[%clk 0:14:04]} Qc1+
{[%clk 0:31:42]} 45. Kh2 {[%clk 0:14:33]} Qf4+ {[%clk 0:31:54]} 46. Kh3 {[%clk
0:14:36]} Qxf5+ {[%clk 0:30:26]} 47. exf5 {[%clk 0:15:00]} Nxh6 {[%clk
0:30:48]} 48. fxg6 {[%clk 0:15:12]} hxg6 {[%clk 0:31:09]} 49. Qxa6 {[%clk
0:15:37]} Kg7 {[%clk 0:31:31]} 50. Qb7+ {[%clk 0:16:03]} Kg8 {[%clk 0:31:50]}
51. a4 {[%clk 0:16:22]} g5 {[%clk 0:32:05]} 52. g4 {[%clk 0:16:42]} Nf7 {[%clk
0:32:13]} 53. Qe7 {[%clk 0:16:48]} Kg7 {[%clk 0:32:24]} 54. a5 {[%clk 0:17:12]}
Kg6 {[%clk 0:32:38]} 55. a6 {[%clk 0:17:29]} Ne5 {[%clk 0:32:50]} 56. Qe8+
{[%clk 0:17:51]} Kg7 {[%clk 0:33:12]} 57. Qxe5 {[%clk 0:18:17]} fxe5 {[%clk
0:33:35]} 58. a7 {[%clk 0:18:46]} Kg6 {[%clk 0:33:55]} 59. a8=Q {[%clk
0:18:32]} Kf6 {[%clk 0:34:19]} 60. Qc6+ {[%clk 0:18:54]} Kf7 {[%clk 0:34:43]}
61. b4 {[%clk 0:18:25]} Ke7 {[%clk 0:35:03]} 62. b5 {[%clk 0:18:45]} e4 {[%clk
0:35:28]} 63. Qxe4+ {[%clk 0:19:11]} Kd6 {[%clk 0:35:53]} 64. Qc4 {[%clk
0:19:37]} Ke5 {[%clk 0:36:17]} 65. b6 {[%clk 0:19:59]} Kd6 {[%clk 0:36:41]} 66.
b7 {[%clk 0:20:22]} Ke5 {[%clk 0:37:06]} 67. b8=Q+ {[%clk 0:20:34]} Kf6 {[%clk
0:37:30]} 68. Qd6+ {[%clk 0:21:00]} Kg7 {[%clk 0:37:54]} 69. Qcc7+ {[%clk
0:21:29]} Kg8 {[%clk 0:38:15]} 70. Qdd8# 1-0

[Event "DVM U16 2015"]
[Site "Lingen (Ems) GER"]
[Date "2015.12.28"]
[Round "4"]
[White "Schneider, Edward"]
[Black "Niesel, Tobias"]
[Result "0-1"]
[Termination "normal"]
[Board "1.4"]
[WhiteElo "1617"]
[BlackElo "1941"]
[WhiteClock "00:01:14"]
[BlackClock "00:28:27"]
[WhiteTeam "SF Sasbach"]
[BlackTeam "SG Porz"]
[PlyCount "74"]
[WhiteFideId "16200870"]
[BlackFideId "12962155"]
[EventCountry "GER"]
[EventRounds "7"]
[EventType "team-swiss"]
[EventDate "2015.12.26"]

1. e4 {[%clk 1:30:57]} b6 {[%clk 1:30:47]} 2. Bc4 {[%clk 1:28:07]} Bb7 {[%clk
1:30:48]} 3. Nc3 {[%clk 1:26:31]} e6 {[%clk 1:31:06]} 4. Nf3 {[%clk 1:21:55]}
Bb4 {[%clk 1:31:01]} 5. d3 {[%clk 1:20:05]} Ne7 {[%clk 1:28:23]} 6. O-O {[%clk
1:16:21]} O-O {[%clk 1:28:31]} 7. a3 {[%clk 1:09:58]} Bxc3 {[%clk 1:28:55]} 8.
bxc3 {[%clk 1:10:11]} h6 {[%clk 1:29:13]} 9. Be3 {[%clk 1:04:08]} d5 {[%clk
1:29:19]} 10. exd5 {[%clk 1:03:00]} exd5 {[%clk 1:29:46]} 11. Ba2 {[%clk
1:01:59]} Nf5 {[%clk 1:27:42]} 12. Bf4 {[%clk 0:58:58]} Nd7 {[%clk 1:26:18]}
13. d4 {[%clk 0:54:17]} Nf6 {[%clk 1:25:38]} 14. Qd3 {[%clk 0:50:28]} Nd6
{[%clk 1:21:11]} 15. Ne5 {[%clk 0:44:26]} a5 {[%clk 1:19:52]} 16. Rfe1 {[%clk
0:36:58]} Nfe4 {[%clk 0:55:25]} 17. f3 {[%clk 0:30:38]} Nf6 {[%clk 0:52:12]}
18. Qd2 {[%clk 0:25:00]} Nd7 {[%clk 0:44:15]} 19. Nxd7 {[%clk 0:20:29]} Qxd7
{[%clk 0:44:37]} 20. Re5 {[%clk 0:19:43]} Nf5 {[%clk 0:40:40]} 21. g4 {[%clk
0:14:03]} Nh4 {[%clk 0:40:27]} 22. Kf2 {[%clk 0:12:54]} Ng6 {[%clk 0:40:30]}
23. Rh5 {[%clk 0:11:53]} Nxf4 {[%clk 0:39:43]} 24. Qxf4 {[%clk 0:12:06]} Rae8
{[%clk 0:39:34]} 25. g5 {[%clk 0:10:16]} hxg5 {[%clk 0:37:16]} 26. Qxg5 {[%clk
0:07:46]} Qe7 {[%clk 0:35:50]} 27. Qxe7 {[%clk 0:05:07]} Rxe7 {[%clk 0:36:13]}
28. Bxd5 {[%clk 0:04:16]} Bxd5 {[%clk 0:36:39]} 29. Rxd5 {[%clk 0:04:38]} Rfe8
{[%clk 0:37:05]} 30. Kg3 {[%clk 0:04:27]} Re3 {[%clk 0:37:09]} 31. c4 {[%clk
0:03:12]} Rc3 {[%clk 0:37:21]} 32. c5 {[%clk 0:02:43]} Rxc2 {[%clk 0:37:39]}
33. cxb6 {[%clk 0:01:31]} cxb6 {[%clk 0:38:01]} 34. Rd6 {[%clk 0:01:03]} Rb2
{[%clk 0:38:16]} 35. d5 {[%clk 0:01:10]} g5 {[%clk 0:31:32]} 36. h4 {[%clk
0:00:50]} gxh4+ {[%clk 0:31:44]} 37. Kxh4 {[%clk 0:01:14]} Rg2 {[%clk 0:28:27]}
0-1

[Event "DVM U16 2015"]
[Site "Lingen (Ems) GER"]
[Date "2015.12.28"]
[Round "4"]
[White "Ovsepyan, Arshak"]
[Black "Hartge, Gedeon"]
[Result "1/2-1/2"]
[Termination "normal"]
[Board "2.1"]
[WhiteElo "2138"]
[BlackElo "1971"]
[WhiteClock "00:01:03"]
[BlackClock "00:01:32"]
[WhiteTeam "SK Gräfelfing"]
[BlackTeam "USV Volksbank Halle"]
[PlyCount "81"]
[WhiteFideId "24690236"]
[BlackFideId "12932116"]
[EventCountry "GER"]
[EventRounds "7"]
[EventType "team-swiss"]
[EventDate "2015.12.26"]

1. d4 {[%clk 1:30:47]} Nf6 {[%clk 1:30:56]} 2. c4 {[%clk 1:31:12]} c5 {[%clk
1:31:23]} 3. d5 {[%clk 1:31:36]} b5 {[%clk 1:31:48]} 4. Qc2 {[%clk 1:31:56]}
Na6 {[%clk 1:32:14]} 5. a3 {[%clk 1:29:58]} bxc4 {[%clk 1:32:27]} 6. e4 {[%clk
1:28:57]} Nc7 {[%clk 1:32:34]} 7. Bxc4 {[%clk 1:28:48]} e6 {[%clk 1:32:48]} 8.
Nc3 {[%clk 1:24:41]} exd5 {[%clk 1:33:02]} 9. exd5 {[%clk 1:24:31]} d6 {[%clk
1:32:51]} 10. Nge2 {[%clk 1:22:23]} Be7 {[%clk 1:32:10]} 11. O-O {[%clk
1:19:38]} O-O {[%clk 1:32:00]} 12. Nf4 {[%clk 1:07:31]} Bb7 {[%clk 1:22:22]}
13. Rd1 {[%clk 0:59:58]} Re8 {[%clk 1:17:51]} 14. b4 {[%clk 0:51:42]} Rc8
{[%clk 1:12:13]} 15. bxc5 {[%clk 0:34:13]} dxc5 {[%clk 1:09:32]} 16. d6 {[%clk
0:33:07]} Bxd6 {[%clk 1:08:51]} 17. Qb3 {[%clk 0:33:30]} Rb8 {[%clk 1:05:41]}
18. Bxf7+ {[%clk 0:33:01]} Kh8 {[%clk 1:06:05]} 19. Bxe8 {[%clk 0:33:23]} Ncxe8
{[%clk 1:05:18]} 20. Rb1 {[%clk 0:29:03]} Qa5 {[%clk 0:58:16]} 21. Qc2 {[%clk
0:21:05]} Be5 {[%clk 0:56:44]} 22. Nfe2 {[%clk 0:18:17]} Qc7 {[%clk 0:54:29]}
23. Ng3 {[%clk 0:11:47]} Ng4 {[%clk 0:44:19]} 24. Nd5 {[%clk 0:06:31]} Qf7
{[%clk 0:42:32]} 25. Ne3 {[%clk 0:05:56]} Nef6 {[%clk 0:38:03]} 26. Nxg4 {[%clk
0:04:51]} Nxg4 {[%clk 0:38:28]} 27. h3 {[%clk 0:05:17]} Nf6 {[%clk 0:35:57]}
28. Bg5 {[%clk 0:03:58]} Bd4 {[%clk 0:33:13]} 29. Bxf6 {[%clk 0:03:09]} Qxf6
{[%clk 0:33:28]} 30. Ne4 {[%clk 0:02:57]} Qe5 {[%clk 0:32:23]} 31. Kh1 {[%clk
0:02:54]} g5 {[%clk 0:21:00]} 32. f3 {[%clk 0:01:46]} g4 {[%clk 0:21:24]} 33.
Qd2 {[%clk 0:01:11]} gxf3 {[%clk 0:21:06]} 34. gxf3 {[%clk 0:01:39]} Qh5 {[%clk
0:21:00]} 35. Qg2 {[%clk 0:00:41]} Rg8 {[%clk 0:21:26]} 36. Rxd4 {[%clk
0:00:47]} Bxe4 {[%clk 0:20:01]} 37. Rxe4 {[%clk 0:00:41]} Rxg2 {[%clk 0:18:10]}
38. Kxg2 {[%clk 0:01:08]} Qg5+ {[%clk 0:08:04]} 39. Kh2 {[%clk 0:01:05]} Qd2+
{[%clk 0:05:51]} 40. Kg3 {[%clk 0:01:11]} Qd6+ {[%clk 0:01:32]} 41. Kg2 {[%clk
0:01:03]} 1/2-1/2